000 00453nam a2200181Ia 4500
001 14548
005 20260306164922.0
008 260306t2012||||xx |||||||||||||| ||spa||
041 _aESP
082 _a515.15
_bS79 2012 P. 1
100 _aStewart, James
_eAUT
245 0 _aCálculo de una variable:
_btrascendentes tempranas
260 _c2012
300 _a784 páginas :
_c27 cm.
650 _aGEN
654 _aCMA
942 _cLIB
_dJUS
_fJUS
_2ddc
_n
999 _c14548
_d14548